| 000 | 01217nam a2200229Ia 4500 | ||
|---|---|---|---|
| 001 | L200-53351 | ||
| 003 | IT-CnALBA | ||
| 008 | 170116s9999||||xx |||||||||||||| ||und|| | ||
| 040 |
_aIT-CnALBA _cIT-CnALBA |
||
| 041 | _aITALIANO | ||
| 100 | _aLAURENTIN RENÈ | ||
| 245 | 0 | _aSAN LUIGI MARIA GRIGNION DE MONTFORT. | |
| 250 | _a1a ed. | ||
| 260 |
_aCINISELLO BALSAMO (MI) _bEDIZIONI PAOLINE _c1998 [1° Ed.:1998 - Ed.Ling.Originale: 1996] |
||
| 300 | _a160 p. | ||
| 500 | _aTRADUZIONE DAL FRANCESE. INFANZIA. ALUNNO DEI GESUITI A RENNES. PARIGI SEMINARIO. MISSIONE IMPOSSIBILE. MISSIONARIO. ULTIME PROVE. LA MORTE. BILANCIO DI UNA VITA. MARIA SPOSA DELLO SPIRITO SANTO? PUNTI DEBOLI DI QUESTA FORMULA POETICA. ALCUNI TESTI DI MON | ||
| 501 | _aSocietà San Paolo EM - Piazza San Paolo, 14 - 12051 ALBA (CN) (non commercial uses only) ® Copyright 2017 | ||
| 520 | _aTRADUZIONE DAL FRANCESE. INFANZIA. ALUNNO DEI GESUITI A RENNES. PARIGI SEMINARIO. MISSIONE IMPOSSIBILE. MISSIONARIO. ULTIME PROVE. LA MORTE. BILANCIO DI UNA VITA. MARIA SPOSA DELLO SPIRITO SANTO? PUNTI DEBOLI DI QUESTA FORMULA POETICA. ALCUNI TESTI DI MON | ||
| 650 | _aRELIGIONE - RELIGIONE CRISTIANA | ||
| 942 | _cBK | ||
| 957 | _71 | ||
| 999 |
_a70841 _bNO _g Copie: 1 _c312231 _d312231 |
||